Digitálne a sociálne nástroje v transformácii obchodu a ich vplyv na predaj

Digitalizácia spoločnosti - predpoklady úspechu. Prístup na internet a širokopásmové internetové pripojenie domácností EÚ (2007-2017). Digitálne marketingové prostredie. Vyhľadávací marketing - SEM (Search Engine Marketing). Partnerský marketing – Affiliate Marketing. Charakteristika a možnosti využ...

Descrizione completa

Salvato in:
Dettagli Bibliografici
Autore principale: Szivósová, Mária, 1958-
Natura: Capitolo di libro
Lingua:slovacco
Soggetti:
Tags: Aggiungi Tag
Nessun Tag, puoi essere il primo ad aggiungerne!!

MARC

LEADER 00000naa$a2200000$$$4500
001 0249020
005 20240502074000.5
041 0 |a slo 
044 |a SK 
245 1 0 |a Digitálne a sociálne nástroje v transformácii obchodu a ich vplyv na predaj  |c Mária Szivósová 
520 |a Digitalizácia spoločnosti - predpoklady úspechu. Prístup na internet a širokopásmové internetové pripojenie domácností EÚ (2007-2017). Digitálne marketingové prostredie. Vyhľadávací marketing - SEM (Search Engine Marketing). Partnerský marketing – Affiliate Marketing. Charakteristika a možnosti využívania ďalších nástrojov digitálneho marketingu: bannery, blogy, siete sociálne, Live Stream, Facebook, e-mail marketing, You Tube. 
610 2 0 |a digitalizácia 
610 2 0 |a internet 
610 2 0 |a domácnosti 
610 2 0 |a marketing 
610 2 0 |a nástroje marketingové 
610 2 0 |a komunikácia marketingová 
610 2 0 |a siete sociálne 
610 2 0 |a komunikácia elektronická 
610 2 0 |a reklama 
610 2 0 |a obchod 
100 1 |a Szivósová, Mária, 1958-